000 00450nam a2200181Ia 4500
001 3462
005 20260306145645.0
008 260306t1992||||xx |||||||||||||| ||spa||
041 _aESP
082 _a279.8
_bB74 T. 2
100 _aBorges, Pedro
_eAUT
245 0 _aHistoria de la iglesia en Hispanoamérica y Filipinas:
_b(siglos XV-XIX)
260 _c1992
300 _a
_c23 cm.
650 _aGEN
654 _aCHU
942 _cLIB
_dJUS
_fJUS
_2ddc
_n
999 _c3462
_d3462